Técnica y táctica del fútbol: Mencruz
Saved in:
| Hovedforfatter: | |
|---|---|
| Format: | Bog |
| Sprog: | spansk |
| Udgivet: |
Buenos Aires
Ediciones Lidiun
1975
|
| Fag: | |
| Tags: |
Tilføj Tag
Ingen Tags, Vær først til at tagge denne postø!
|
MARC
| LEADER | 00000nam a2200000 a 4500 | ||
|---|---|---|---|
| 001 | UCW5151 | ||
| 003 | CL-VaPUC | ||
| 008 | 901211e19750000AG |||||||||||||||||spa|d | ||
| 082 | 0 | 4 | |a 796.334 |b GER |2 21 |
| 100 | 0 | |a Geronazzo, Argentino |e author |9 310041 | |
| 245 | 1 | 0 | |a Técnica y táctica del fútbol: Mencruz |
| 300 | |a 366 p | ||
| 942 | |c BK | ||
| 945 | |d 19901211 00:00:00 | ||
| 260 | |a Buenos Aires |b Ediciones Lidiun |c 1975 | ||
| 650 | 0 | |a Fútbol |9 307513 | |
| 583 | |a last modification |c 20120531 09:10:03 |k Rodrigo Vera | ||
| 999 | |c 218654 |d 218652 | ||
| 952 | |0 0 |1 0 |4 0 |6 796_334000000000000_GER_1975 |7 0 |8 P |9 208547 |a BIBEDU |b BIBEDU |c BIBEDU_PB |d 2019-11-15 |i 2764318 |o 796.334 GER 1975 |p 2764318 |r 2024-01-25 |w 2019-11-15 |y BK |k EDU | ||
| 952 | |0 0 |1 0 |4 0 |6 796_334000000000000_GER_1975 |7 0 |8 P |9 208548 |a BIBEDU |b BIBEDU |c BIBEDU_PB |d 2019-11-15 |i 2764326 |o 796.334 GER 1975 |p 2764326 |r 2024-01-25 |w 2019-11-15 |y BK |k EDU | ||